000 01630nam0a2200361 i 4500
001 RU\NLR\bibl\1947606
005 20260406083217.0
010 _a9785992211924
021 _aRU
_b2012-64671
_94752
035 _a(nilc)RSL-KNO-005487053
035 _a(NLR Aleph) 001936789
090 _a3510740
_c3510740
100 _a20120829d2012 u y0rusy50 ca
101 0 _arus
102 _aRU
105 _aa zzzz|||||
200 1 _aТемный принц
_e[трилогия]
_fКсения Баштовая, Виктория Иванова
_g[худож. С.А. Григорьев]
210 _aМосква
_cАЛЬФА-КНИГА
_d2012
215 _a697, [2] с.
_cил.
_d23
225 1 _aТрилогия в одном томе
_vвып. 126
327 1 _aСодерж.: Тяжело быть младшим... ; Маленьких все обидеть норовят! ; Что выросло, то выросло
686 _aШ5(2=Р)75-644.5
_2rubbk
686 _aШ6(2=Р)8-445
700 1 _4070
_7ca
_8rus
_aБаштовая
_bК. Н.
_f1985-
_gКсения Николаевна
_935690
_3RU\NLR\auth\7752757
701 1 _4070
_7ca
_8rus
_aИванова
_bВ. В.
_cписатель
_f1984-
_gВиктория Витальевна
_935691
_3RU\NLR\auth\7752758
702 1 _4040
_7ca
_8rus
_aГригорьев
_bС. А.
_cхудожник-иллюстратор
_f1961-
_gСергей Анатольевич
_932406
_3RU\NLR\auth\7749471
801 0 _aRU
_bRuMoRKP
_c20120829
_grcr
801 1 _aRU
_bРГБ
_c20120829
801 2 _aRU
_bNLR
_c20120924
_grcr
942 _cBOOK
980 _aNBR